ՀՀ Գիտությունների ազգային ակադեմիայի հիմնարար գիտական գրադարան  =   Fundamental Scientific Library of NAS RA

Вместе отстаивать мир на земле : (Record no. 517279)

MARC details
000 -LEADER
fixed length control field 01046nam a2200229 a 4500
001 - CONTROL NUMBER
control field 001078726
003 - CONTROL NUMBER IDENTIFIER
control field AM-YEHGA
005 - DATE AND TIME OF LATEST TRANSACTION
control field 20250617164052.0
008 - FIXED-LENGTH DATA ELEMENTS--GENERAL INFORMATION
fixed length control field 150512s1962 ru r 000 0 rus d
040 ## - CATALOGING SOURCE
Original cataloging agency AM-YeHGA
041 0# - LANGUAGE CODE
Language code of text/sound track or separate title rus
090 ## - LOCALLY ASSIGNED LC-TYPE CALL NUMBER (OCLC); LOCAL CALL NUMBER (RLIN)
-- 520830
245 00 - TITLE STATEMENT
Title Вместе отстаивать мир на земле :
Remainder of title [Альбом] /
Statement of responsibility, etc. [Сост.: И. Антонова, И. Каретникова, Б. Шиперович]
Medium [Текст]
260 ## - PUBLICATION, DISTRIBUTION, ETC.
Place of publication, distribution, etc. Москва :
Name of publisher, distributor, etc. Сов. художник,
Date of publication, distribution, etc. 1962.
300 ## - PHYSICAL DESCRIPTION
Extent 97 с. :
Other physical details ил. ;
Dimensions 20 см.
500 ## - GENERAL NOTE
General note На обороте тит. л. сост.: И. Антонова, И. Каретникова, Б. Шиперович
650 14 - SUBJECT ADDED ENTRY--TOPICAL TERM
Topical term or geographic name entry element Движение сторонников мира
Form subdivision Альбомы
650 14 - SUBJECT ADDED ENTRY--TOPICAL TERM
Topical term or geographic name entry element Изобразительное искусство
Form subdivision Альбомы
700 1# - ADDED ENTRY--PERSONAL NAME
Personal name Антонова, Ирина Александровна
Relator term сос.
Relationship com
700 1# - ADDED ENTRY--PERSONAL NAME
Personal name Каретникова, И.
Relator term сос.
Relationship com
700 1# - ADDED ENTRY--PERSONAL NAME
Personal name Шиперович, Б.
Relator term сос.
Relationship com
Holdings
Withdrawn status Lost status Damaged status Not for loan Collection Home library Current library Date acquired Total checkouts Full call number Barcode Date last seen Price effective from Koha item type Public note
        General Fundamental Scientific Library Fundamental Scientific Library 11/10/2021   РII/63238 FL0661785 11/10/2021 11/10/2021 Գրքեր / Books 30 Days Loan


ՀՀ ԳԱԱ հիմնարար գիտական գրադարան
ՀՀ,Երևան 0019
Մարշալ Բաղրամյան 24/6
հեռախոս:(374-10) 52-47-50
Հետադարձ կապ

All site content, except where otherwise noted, is licensed under a
Creative Commons License